000 01269nam0a22002531 4500
001 rc\2618132
005 20260407150135.0
035 _a(NLR Aleph) 006781859
090 _a6052716
_c6052716
100 _a20110914d1931 |||y0rusy50 ca
101 0 _arus
102 _aRU
105 _ay g |||||
200 1 _aСправочник на дорожно-мостовые работы
_eНормы: производственные дневной выработки рабочих и сметные расходы рабсилы и материалов
_eСоставлен на основании хронометражных данных Свода производ. строит. норм Стройсектора Госплана СССР...
210 _a[Ленинград]
_cОблисполком
_d1931
_gтип. изд-ва Леноблисполкома и Совета
215 _a121 с.
_d26х18 см.
300 _aПеред загл.: "Официальное изд."
710 0 2 _aЛенинградское обл. управление строительного контроля
_9681106
_3RU\NLR\AUTH\8810089873
801 0 _aRU
_bNLR
_gpsbo
801 1 _aRU
_bELAR
_2rusmarc
852 _aNLR
_j31-5/233
942 _cBOOK
980 _aNB